Best Players to Never Make All-NBA First Team - Statistics

General Stats
  • This quiz has been taken 11 times
    4 since last reset
  • The average score is 27 of 30
Answer Stats
Hint Answer Team % Correct
30. Adrian Dantley Jazz
100%
26. Al Horford Hawks
100%
4. Ben Wallace Pistons
100%
24. Blake Griffin Clippers
100%
8. Carmelo Anthony Knicks
100%
15. Chauncey Billups Pistons
100%
16. DeMar DeRozan Raptors
100%
18. Draymond Green Warriors
100%
13. Jimmy Butler Heat
100%
10. Joe Dumars Pistons
100%
29. Jrue Holiday Bucks
100%
17. Kevin Love Timberwolves
100%
25. Kyle Lowry Raptors
100%
21. LaMarcus Aldridge Blazers
100%
2. Pau Gasol Lakers
100%
1. Paul Pierce Celtics
100%
6. Ray Allen Super Sonics
100%
3. Robert Parish Celtics
100%
14. Rudy Gobert Jazz
100%
28. Shawn Marion Suns
100%
19. Alex English Nuggets
75%
20. Chris Bosh Raptors
75%
9. Dave Cowens Celtics
75%
7. Dikembe Mutombo Atlanta
75%
12. Reggie Miller Pacers
75%
11. Vince Carter Raptors
75%
5. Dennis Rodman Pistons
50%
27. Jack Sikma Super Sonics
50%
22. Kyrie Irving Celtics
50%
23. Mitch Richmond Kings
50%
No matching quizzes found
Score Distribution
Percent of People with Each Score
Percentile by Number Answered
Your Score History
You have not taken this quiz since the last reset